[Event "POL-chT 2nd League South"]
[Site "Wisla"]
[Date "1998.??.??"]
[Round "?"]
[White "Bielawski, Przemyslaw"]
[Black "Domanski, Janusz"]
[Result "1-0"]
[WhiteElo "2195"]
[BlackElo "2090"]
[PlyCount "119"]
[EventDate "1998.11.20"]
[EventType "team-swiss"]
[EventRounds "10"]
[EventCountry "POL"]
[SourceTitle "EXT 2000"]
[Source "ChessBase"]
[SourceDate "1999.11.16"]
[SourceVersion "1"]
[SourceVersionDate "1999.11.16"]
[SourceQuality "1"]

1. e4 c6 2. d4 d5 3. Nd2 dxe4 4. Nxe4 Bf5 5. Ng3 Bg6 6. Nh3 e6 7. Nf4 Bd6 8. h4 Ne7 9. c3 Nd7 10. Nxg6 Nxg6 11. h5 Ne7 12. Ne4 Nf6 13. Nxd6+ Qxd6 14. Qf3 h6 15. Bf4 Qd5 16. Qxd5 Nexd5 17. Bd2 Ne4 18. Bc1 0-0-0 19. Rh4 Nef6 20. Bd2 Rhe8 21. 0-0-0 Rd7 22. g3 a6 23. Bd3 Rde7 24. f4 Ng8 25. g4 f6 26. g5 f5 27. c4 Nc7 28. Re1 Rd7 29. Bc3 b5 30. b3 Kb7 31. Bf1 b4 32. Bb2 a5 33. Rh3 Ra8 34. Kc2 Kb6 35. Bg2 Ne7 36. a4 Rad8 37. Re5 Rh8 38. Bc1 Ra8 39. Be3 Kb7 40. Bf2 Nc8 41. Rh1 Nd6 42. Rhe1 Nf7 43. Rxe6 Nxe6 44. Rxe6 Rc8 45. g6 Nd6 46. c5 Ne4 47. Bxe4 fxe4 48. Rxe4 Rf8 49. Be3 Kc7 50. Re5 Rd5 51. Kd3 Kd7 52. Ke4 Rxe5+ 53. dxe5 Ke6 54. Bf2 Rf5 55. Bh4 Rxh5 56. Bd8 Rh3 57. f5+ Kd7 58. f6 gxf6 59. exf6 Kxd8 60. g7 1-0

[Event "POL-chT 2nd League South"]
[Site "Wisla"]
[Date "1998.??.??"]
[Round "?"]
[White "Kawula, Andrzej"]
[Black "Bielawski, Przemyslaw"]
[Result "0-1"]
[WhiteElo "2070"]
[BlackElo "2195"]
[PlyCount "130"]
[EventDate "1998.11.20"]
[EventType "team-swiss"]
[EventRounds "10"]
[EventCountry "POL"]
[SourceTitle "EXT 2000"]
[Source "ChessBase"]
[SourceDate "1999.11.16"]
[SourceVersion "1"]
[SourceVersionDate "1999.11.16"]
[SourceQuality "1"]

1. c4 g6 2. Nc3 Bg7 3. g3 e5 4. Bg2 d6 5. e4 Nc6 6. d3 Nge7 7. Nge2 h5 8. h4 Nd4 9. Nxd4 exd4 10. Ne2 c5 11. Bg5 f6 12. Bd2 Nc6 13. Nf4 Ne5 14. Qe2 Bg4 15. f3 Bd7 16. Bh3 Bxh3 17. Nxh3 Qd7 18. Nf4 Bh6 19. 0-0-0 Bxf4 20. gxf4 Nc6 21. Rhg1 Ne7 22. e5 f5 23. exd6 Qxd6 24. Rde1 Kf7 25. Qe5 Rad8 26. Rg2 Nc6 27. Qe2 a6 28. Qd1 Rd7 29. Reg1 Rg8 30. a3 Nd8 31. b4 b6 32. Qa4 Ra7 33. Re1 Qd7 34. Qb3 a5 35. bxa5 bxa5 36. Rge2 Rb7 37. Re7+ Qxe7 38. Rxe7+ Kxe7 39. Qa4 Ne6 40. Kc2 Rgb8 41. Bc1 Ra7 42. Bd2 Kd6 43. Kd1 Rf8 44. Qb5 Rfa8 45. Qb6+ Ke7 46. a4 Kd7 47. Bc1 Ra6 48. Qb5+ Kc7 49. Qb2 Nd8 50. Qb5 Nb7 51. Qb2 Re8 52. Qg2 Rb6 53. Bd2 Ree6 54. Kc2 Kb8 55. Qg5 Re2 56. Kd1 Rbe6 57. Qg1 Ka7 58. Kc2 Nd8 59. Qb1 Rg2 60. Qb5 Nb7 61. Kd1 Rb6 62. Qe8 Rb1+ 63. Kc2 Ra1 64. Qb5 Ra2+ 65. Kc1 Raxd2 0-1

[Event "MK Cafe Cup-A"]
[Site "Koszalin"]
[Date "1997.08.10"]
[Round "9"]
[White "Babula, Milan"]
[Black "Bielawski, Przemyslaw"]
[Result "0-1"]
[WhiteElo "2285"]
[BlackElo "2215"]
[PlyCount "128"]
[EventDate "1997.08.03"]
[EventType "swiss"]
[EventRounds "10"]
[EventCountry "POL"]
[SourceTitle "CBM 059 Extra"]
[Source "ChessBase"]
[SourceDate "1997.09.26"]
[SourceVersion "1"]
[SourceVersionDate "1997.09.26"]
[SourceQuality "1"]

1. e4 e5 2. Nf3 Nc6 3. Bb5 a6 4. Ba4 b5 5. Bb3 Na5 6. 0-0 d6 7. c3 Nf6 8. Bc2 c5 9. h3 Qc7 10. d4 Be7 11. Bg5 0-0 12. Nbd2 Re8 13. Rc1 Nc6 14. Bb1 h6 15. Be3 Bf8 16. Nh2 Qe7 17. d5 Nb8 18. g4 Nh7 19. Kg2 g6 20. Rh1 Bg7 21. Ndf1 Nd7 22. Ng3 Ndf8 23. Qd2 g5 24. Nf5 Qf6 25. h4 Ng6 26. hxg5 hxg5 27. Nf3 Nf4+ 28. Kg3 Bf8 29. Rh2 Bxf5 30. exf5 Qg7 31. f6 Nxf6 32. Bf5 Be7 33. Rch1 Bd8 34. Qd1 Kf8 35. Nd2 Ke7 36. c4 Ba5 37. Ne4 Nxe4+ 38. Bxe4 Rh8 39. Rh7 Qf6 40. cxb5 axb5 41. R7h5 c4 42. R5h2 Rac8 43. Qf1 Bb4 44. Qd1 Rxh2 45. Rxh2 Bc5 46. Qd2 Rh8 47. Rxh8 Qxh8 48. Bxf4 Qh4+ 49. Kf3 Qh1+ 50. Ke2 Qxe4+ 51. Be3 Qxg4+ 52. Kf1 Qh3+ 53. Kg1 Bxe3 54. fxe3 Qg3+ 55. Kh1 Qf3+ 56. Kg1 Kf6 57. b3 cxb3 58. axb3 Kf5 59. Qd3+ Kg4 60. b4 f5 61. Qd2 f4 62. exf4 gxf4 63. Kh2 Qh3+ 64. Kg1 Qe3+ 0-1

[Event "POL-chT2 U18"]
[Site "Augustow"]
[Date "1996.??.??"]
[Round "?"]
[White "Bielawski, Przemyslaw"]
[Black "Kaminski, Krzysztof"]
[Result "1-0"]
[WhiteElo "2195"]
[BlackElo "2000"]
[PlyCount "103"]
[EventDate "1996.??.??"]
[EventType "team"]
[EventRounds "10"]
[EventCountry "POL"]
[SourceTitle "EXT 2003"]
[Source "ChessBase"]
[SourceDate "2002.11.25"]
[SourceVersion "1"]
[SourceVersionDate "2002.11.25"]
[SourceQuality "1"]

1. d4 e6 2. Nf3 Nf6 3. Nbd2 d5 4. e3 c5 5. c3 Nc6 6. Bd3 Bd6 7. 0-0 0-0 8. Qe2 Re8 9. dxc5 Bxc5 10. e4 e5 11. h3 Bb6 12. Rd1 Qc7 13. exd5 Nxd5 14. Qe4 Nf6 15. Qh4 Ne7 16. Nc4 Ng6 17. Bxg6 hxg6 18. Bg5 e4 19. Nfd2 Bf5 20. Nxb6 Qxb6 21. Nc4 Qc5 22. Nd6 Re6 23. Be3 Qc6 24. Nxf5 gxf5 25. Rd2 Nd5 26. Bd4 f4 27. Bxg7 Kxg7 28. Qg5+ Rg6 29. Qxd5 Qxd5 30. Rxd5 f3 31. g3 Rh8 32. Kh2 Re6 33. Re1 Kg6 34. g4 Rhe8 35. Re3 Ra6 36. a3 Rb6 37. b4 Re7 38. Kg3 Rc6 39. Kf4 Rf6+ 40. Rf5 Rfe6 41. g5 Kg7 42. h4 a6 43. Rd5 f6 44. Rd4 fxg5+ 45. hxg5 Rf7+ 46. Kg4 Rfe7 47. Kf5 Re5+ 48. Kf4 Kg6 49. Rexe4 Rf5+ 50. Ke3 Rxe4+ 51. Kxe4 Kxg5 52. Rd5 1-0

[Event "POL-chT2 U18"]
[Site "Augustow"]
[Date "1996.??.??"]
[Round "?"]
[White "Bielawski, Przemyslaw"]
[Black "Kucharski, Tomasz"]
[Result "1-0"]
[WhiteElo "2195"]
[BlackElo "2135"]
[PlyCount "63"]
[EventDate "1996.??.??"]
[EventType "team"]
[EventRounds "10"]
[EventCountry "POL"]
[SourceTitle "EXT 2003"]
[Source "ChessBase"]
[SourceDate "2002.11.25"]
[SourceVersion "1"]
[SourceVersionDate "2002.11.25"]
[SourceQuality "1"]

1. d4 Nf6 2. Nf3 e6 3. Bg5 Be7 4. Nbd2 d5 5. e3 b6 6. Ne5 0-0 7. Bd3 h6 8. Bf4 Bb7 9. Qf3 c5 10. c3 Nc6 11. g4 Nxe5 12. dxe5 Nd7 13. h4 Bxh4 14. 0-0-0 Bg5 15. Rh2 f6 16. Qg3 fxe5 17. Bxe5 Nxe5 18. Qxe5 Qf6 19. Qg3 e5 20. Bf5 e4 21. Nxe4 dxe4 22. Rd6 Qe7 23. Rd7 Qe8 24. Rxb7 Rd8 25. Rxa7 Qb5 26. Qg1 Qd3 27. Qe1 g6 28. Be6+ Kh8 29. b3 Bxe3+ 30. fxe3 h5 31. gxh5 g5 32. Rf7 1-0

[Event "POL-chT2 U18"]
[Site "Augustow"]
[Date "1996.??.??"]
[Round "?"]
[White "Izbinski, Bartlomiej"]
[Black "Bielawski, Przemyslaw"]
[Result "1-0"]
[WhiteElo "2215"]
[BlackElo "2195"]
[PlyCount "99"]
[EventDate "1996.??.??"]
[EventType "team"]
[EventRounds "10"]
[EventCountry "POL"]
[SourceTitle "EXT 2003"]
[Source "ChessBase"]
[SourceDate "2002.11.25"]
[SourceVersion "1"]
[SourceVersionDate "2002.11.25"]
[SourceQuality "1"]

1. e4 c6 2. c4 e5 3. Nc3 g6 4. Nf3 d6 5. d4 Nd7 6. Be2 Bg7 7. 0-0 Ngf6 8. dxe5 dxe5 9. h3 0-0 10. Be3 Qe7 11. Qd2 Re8 12. Rfd1 Nc5 13. Qc2 Nh5 14. b4 Ne6 15. c5 Nhf4 16. Bf1 Qf6 17. Bxf4 Nxf4 18. Rd6 Nxh3+ 19. Kh1 Be6 20. Bc4 Nf4 21. Bxe6 Rxe6 22. Rad1 Bf8 23. Rd7 g5 24. Kg1 g4 25. Ne1 Qh4 26. f3 Rh6 27. fxg4 Qg3 28. R7d3 Qh2+ 29. Kf1 Qh1+ 30. Kf2 Nxd3+ 31. Rxd3 a5 32. Nf3 Rf6 33. g5 axb4 34. Ne2 Qh4+ 35. Kg1 Rxf3 36. Rxf3 Ra5 37. g3 Bxc5+ 38. Qxc5 Rxc5 39. gxh4 Rc2 40. Ng3 Rxa2 41. Nf5 Ra3 42. Nh6+ Kg7 43. Rxf7+ Kg6 44. Rxb7 c5 45. Nf5 Rd3 46. Rg7+ Kh5 47. Rxh7+ Kg4 48. g6 Kf3 49. Ng7 Rd1+ 50. Kh2 1-0